Die polytechnische Bildung in der Sowjetunion und in der DDR : Didaktische Konzeptionen und Losungsversuche /

Saved in:
Bibliographic Details
Main Author: Schmidt, Gerlind
Format: Book
Language:English
Published: Berlin : in Kommission bei Quelle & Meyer Verlag, 1973.
Series:Erziehungswissenschaftliche Veröffentlichungen ; Bd.8
Subjects:
LEADER 01035nam a2200253 i 4500
001 c000304632
003 CARM
005 00000000000000.0
008 840305s1973 gw 0 eng d
019 1 |a 69847271  |5 LACONCORD2021 
020 |a 3494007926 
035 |a (OCoLC)1268114800  |5 LACONCORD2021 
082 0 4 |a 607.47 
100 1 |a Schmidt, Gerlind. 
245 1 4 |a Die polytechnische Bildung in der Sowjetunion und in der DDR :  |b Didaktische Konzeptionen und Losungsversuche /  |c Gerlind Schmidt. 
260 |a Berlin :  |b in Kommission bei Quelle & Meyer Verlag,  |c 1973. 
300 |a 209p. 
490 0 |a Erziehungswissenschaftliche Veröffentlichungen ;  |v Bd.8 
504 |a Bibliography: p.195-209. 
650 0 |a Technical education  |z Soviet Union. 
650 0 |a Technical education  |z Germany (East) 
852 8 |b CARM  |h A1:AR23F0  |i C11022  |p 0504605  |f BK 
999 f f |i 26838e16-1f95-5705-b14c-51c956b0c61e  |s 96ca2de8-8e7f-5ead-96bb-1bc07b6b1100 
952 f f |p Can circulate  |a CAVAL  |b CAVAL  |c CAVAL  |d CARM 1 Store  |e C11022  |f A1:AR23F0  |h Other scheme  |i book  |m 0504605